| 000 -LEADER |
| fixed length control field |
01116nam a22000977a 4500 |
| 008 - FIXED-LENGTH DATA ELEMENTS--GENERAL INFORMATION |
| fixed length control field |
160227b xxu||||| |||| 00| 0 eng d |
| 100 ## - MAIN ENTRY--AUTHOR'S NAME |
| Author's Name |
Lauri Peltonen |
| 245 ## - TITLE STATEMENT |
| Title |
LAPE Special Stamp Cataloge |
| 260 ## - PUBLICATION, DISTRIBUTION, ETC. (IMPRINT) |
| Name of publisher, distributor, etc. |
Suomen Filateliapalvelu Oy |
| Date of publication, distribution, etc. |
2012 |
| Place of manufacture |
Turku, Finland |
| 650 ## - TOPICAL TERM (Tag) |
| Topical term or geographic name |
Finland | Russian Related | Russian Empire | Finland (Grand Duchy) Finland -- Aland Islands (1984-) | Finland -- Occupation of Russia | Finland -- Occupation of Eastern Karelia | Russia (-1917) | Occupation Issues | Overprints and Surcharges | Catalogs and Price Lists | Dealer Publications | Stamps -- Histories | Definitive Issues | Commemorative Issues | Semi-postal Issues | Booklets and Minipacks | Sheets and Panes | Frama Labels | Franking Labels | Frama | Vending Machines | Production | Engraving | Errors and Varieties | Printing | Paper | Luminescent and Tagged Issues | Postal History | Postal Markings | Post Offices | Pre-adhesive Covers | Covers | Fee Paid Mail | Postal Stationery | Cards | Letter Cards | Maximum Cards | Christmas Seals | Seals and Labels | Cinderella Material | Postal Rates | Collecting | Collecting -- Identification |